Malaysia's socioeconomic challenges : Debating public policy issues

Bibliographic Details
Main Author: Navaratnam Ramon V.
Corporate Author: Title
Format: Book
Published: Selangor : Pelanduk Publications , 2003
Subjects:

MARC

LEADER 00000cam a2200000 7i4500
001 0000014777
005 20080311.0
008 060308
020 |a 9679788482 
090 0 0 |a 338.9595   |b NAV 
100 1 |a Navaratnam Ramon V. 
245 1 0 |a Malaysia's socioeconomic challenges :   |b Debating public policy issues   |c Ramon V.Navaratnam 
260 |a Selangor :   |b Pelanduk Publications ,   |c 2003 
650 0 |a Economics   |x Malaysia   |x Sociological aspects 
650 0 |a Malaysia   |x Economic conditions 
650 0 |a Malaysia   |x Economic policy 
710 1 |a Title 
999 |a 0001011752   |b Book   |c Adult Collection   |e Cawangan Mersing 
999 |a 0001011753   |b Book   |c Adult Collection   |e Perbadanan Perpustakaan Awam Johor 
999 |a 0001011998   |b Book   |c Adult Collection   |e Cawangan Segamat